| 000 | 00795nam a22002177a 4500 | ||
|---|---|---|---|
| 999 |
_c13391 _d13391 |
||
| 008 | 190309b ||||| |||| 00| 0 eng d | ||
| 020 | _a9781784416492 | ||
| 082 |
_22015 _aAV-Eb 657 _bE64 |
||
| 245 |
_aAdvances in management accounting _cedited by Marc J. Epstein and John Y. Lee. |
||
| 260 |
_aUK: _bEmerald Publishing Limited, _c©2015. |
||
| 300 | _a308 pages; | ||
| 440 |
_aAdvances in Management Accounting Ser. _937428 |
||
| 500 | _aIncludes index. | ||
| 650 |
_aAccounting. _937429 |
||
| 650 |
_aBusiness consultants. _937430 |
||
| 650 |
_aManagerial accounting. _937431 |
||
| 700 |
_aEpstein, Marc J. editor. _937432 |
||
| 700 |
_aLee, John Y. editor. _937433 |
||
| 856 | _yhttps://ebookcentral.proquest.com/lib/uniofmindanao-ebooks/detail.action?docID=2122288 | ||
| 942 |
_2ddc _cEB |
||